| 000 -LEADER |
| fixed length control field |
00720aam a2200265 a 4500 |
| 020 ## - INTERNATIONAL STANDARD BOOK NUMBER |
| ISBN |
9241544430 (pbk.) |
| 040 ## - CATALOGING SOURCE |
| Transcribing agency |
DLC |
| 082 00 - DEWEY DECIMAL CLASSIFICATION NUMBER |
| Classification number |
628 WOR 1992 C152 Or. |
| 100 1# - MAIN ENTRY--AUTHOR NAME |
| Personal name |
Franceys, R |
| 245 12 - TITLE STATEMENT |
| Title |
A guide to the development of on-site sanitation / |
| 260 ## - PUBLICATION, DISTRIBUTION, ETC. (IMPRINT) |
| Place of publication |
Geneva : |
| Name of publisher |
World Health Organizaton, |
| Year of publication |
1992 |
| 300 ## - PHYSICAL DESCRIPTION |
| Number of Pages |
viii, 237 p. : |
| Other physical details |
ill. ; |
| Dimensions |
26 cm |
| 500 ## - GENERAL NOTE |
| General note |
Includes index |
| 650 #0 - SUBJECT ADDED ENTRY--TOPICAL TERM |
| Topical Term |
Sewerage, Rural |
| 650 #0 - SUBJECT ADDED ENTRY--TOPICAL TERM |
| Topical Term |
Sewage disposal, Rural |
| 650 #0 - SUBJECT ADDED ENTRY--TOPICAL TERM |
| Topical Term |
Outhouses |
| 650 #2 - SUBJECT ADDED ENTRY--TOPICAL TERM |
| Topical Term |
Developing Countries |
| 650 #2 - SUBJECT ADDED ENTRY--TOPICAL TERM |
| Topical Term |
Sanitation |
| 650 #2 - SUBJECT ADDED ENTRY--TOPICAL TERM |
| Topical Term |
Sewage |
| 650 #2 - SUBJECT ADDED ENTRY--TOPICAL TERM |
| Topical Term |
Toilet Facilities |
| 700 1# - ADDED ENTRY--PERSONAL NAME |
| Personal name |
Pickford, John Aston |
| 700 10 - ADDED ENTRY--PERSONAL NAME |
| Personal name |
Reed, R |
| 710 20 - ADDED ENTRY--CORPORATE NAME |
| Corporate name or jurisdiction name as entry element |
World Health Organization |
| 942 ## - ADDED ENTRY ELEMENTS (KOHA) |
| Koha item type |
ADB |
| 952 ## - LOCATION AND ITEM INFORMATION (KOHA) |
| Withdrawn status [LOCAL, KOHA] |
0 |